[Event "Sachsen-ch U14"]
[Site "Sebnitz"]
[Date "2009.04.15"]
[Round "3"]
[White "Gerstung, Richard"]
[Black "Ohme, Markus"]
[Result "1-0"]
[WhiteElo "1206"]
[BlackElo "1399"]
[PlyCount "71"]
[EventDate "2009.04.14"]
[EventType "swiss"]
[EventRounds "7"]
[EventCountry "GER"]
[SourceTitle "EXT 2010"]
[Source "ChessBase"]
[SourceDate "2010.11.25"]
[SourceVersion "1"]
[SourceVersionDate "2010.11.25"]
[SourceQuality "1"]

1. c4 c5 2. Nc3 Nf6 3. Nf3 Nc6 4. d3 g6 5. g3 Bg7 6. Bg2 0-0 7. 0-0 d5 8. cxd5 Nxd5 9. Bd2 Nf6 10. e4 Qxd3 11. Re1 Qd8 12. Qc2 Nb4 13. Qb3 Be6 14. Qd1 Nd3 15. Re2 Nxb2 16. Qc2 Nd3 17. Bg5 Nb4 18. Qb2 Bc4 19. Rd2 Qc7 20. a3 Nc6 21. Rb1 Nxe4 22. Bf4 Qc8 23. Rc1 Nxd2 24. Nxd2 Rd8 25. Nxc4 Rd4 26. Ne3 Qd7 27. Nc2 Rd3 28. Ne1 Bxc3 29. Rxc3 Qd4 30. Nxd3 e5 31. Be3 Qa4 32. Qc2 Qa5 33. Nxc5 Rb8 34. Qd2 Qb5 35. Qd3 Qb2 36. Rb3 1-0

[Event "Sachsen-ch U14"]
[Site "Sebnitz"]
[Date "2009.04.15"]
[Round "4"]
[White "Gerstung, Richard"]
[Black "Range, Felix"]
[Result "1-0"]
[WhiteElo "1206"]
[BlackElo "1270"]
[PlyCount "120"]
[EventDate "2009.04.14"]
[EventType "swiss"]
[EventRounds "7"]
[EventCountry "GER"]
[SourceTitle "EXT 2010"]
[Source "ChessBase"]
[SourceDate "2010.11.25"]
[SourceVersion "1"]
[SourceVersionDate "2010.11.25"]
[SourceQuality "1"]

1. c4 e6 2. Nc3 Nf6 3. d4 d5 4. e3 c6 5. c5 Be7 6. Nf3 Nbd7 7. Bd3 Qc7 8. e4 e5 9. Nxe5 Nxe5 10. dxe5 Qxe5 11. f4 Qd4 12. e5 Bxc5 13. Qd2 Ng4 14. Bc2 Ne3 15. Qxe3 Qxe3+ 16. Bxe3 Bxe3 17. Rf1 0-0 18. Rf3 Bb6 19. h3 Re8 20. 0-0-0 f6 21. exf6 gxf6 22. g4 Bd7 23. Rg3 Be3+ 24. Kb1 Bxf4 25. Rf3 Bg5 26. Rf2 Bh4 27. Rf4 Rad8 28. Na4 b6 29. Nc3 Be6 30. Ba4 b5 31. Bb3 Rd7 32. Ne2 c5 33. Bc2 Bg5 34. Rf3 d4 35. Nf4 c4 36. Nxe6 Rxe6 37. Bf5 Red6 38. Bxd7 Rxd7 39. Rf5 b4 40. Rc5 d3 41. Rxc4 d2 42. Rxb4 Re7 43. Kc2 Rc7+ 44. Kd3 Rd7+ 45. Rd4 Rxd4+ 46. Kxd4 Kf7 47. a4 Ke7 48. b4 Kd6 49. b5 Kc7 50. h4 Bh6 51. a5 Kb7 52. Kd5 a6 53. bxa6+ Kxa6 54. Ke6 Kxa5 55. Kxf6 Be3 56. g5 Kb4 57. Kg7 Kc3 58. Kxh7 Kc2 59. Rxd2+ Kxd2 60. g6 Bd4 1-0